[Event "Turkey IS Bank Super League 2017"]
[Site "Darica-Kocaeli"]
[Date "2017.07.26"]
[Round "1.24"]
[White "Ayan, Bengu Sena"]
[Black "Ayazmali, Gizem"]
[Result "1-0"]
[WhiteElo "1862"]
[BlackElo "1849"]
[Annotator "NA"]
[PlyCount "69"]
[EventType "team-tourn"]
[EventCountry "TUR"]
[SourceTitle "playchess.com"]
[Source "ChessBase"]
[SourceQuality "1"]
[TimeControl "40/5400+30:1800+30"]

1. d4 {[%emt 0:00:30]} Nf6 {[%emt 0:01:00]} 2. c4 {[%emt 0:00:30]} g6 {[%emt 0:00:30]} 3. f3 {[%emt 0:00:30]} Bg7 {[%emt 0:00:30]} 4. e4 {[%emt 0:00:30]} d6 {[%emt 0:00:30]} 5. Nc3 {[%emt 0:00:30]} O-O {[%emt 0:00:30]} 6. Nge2 {[%emt 0:00:30]} Nbd7 {[%emt 0:00:30]} 7. Ng3 {[%emt 0:00:00]} c5 {[%emt 0:01:30]} 8. d5 {[%emt 0:00:00]} a6 {[%emt 0:08:30]} 9. Rb1 {[%emt 0:05:30]} Rb8 {[%emt 0:05:30]} 10. Be3 {[%emt 0:02:30]} Ne8 {[%emt 0:07:30]} 11. Qd2 {[%emt 0:06:30]} Ndf6 {[%emt 0:15:30]} 12. Be2 {[%emt 0:11:30]} Bd7 {[%emt 0:12:30]} 13. a4 {[%emt 0:04:30]} Nc7 {[%emt 0:14:30]} 14. b4 {[%emt 0:03:30]} b6 {[%emt 0:08:30]} 15. O-O {[%emt 0:01:30]} h5 {[%emt 0:04:47]} 16. Bg5 {[%emt 0:05:30] 3} cxb4 {[%emt 0:03:21]} 17. Rxb4 {[%emt 0:00:30] 2} a5 {[%emt 0:00:25]} 18. Rb2 {[%emt 0:07:30] 7} Na6 {[%emt 0:02:15]} 19. Bh6 {[%emt 0:02:30] 1} h4 {[%emt 0:03:26]} 20. Nh1 {[%emt 0:00:30] ]} Nc5 {[%emt 0:02:57]} 21. Bd1 {[%emt 0:04:30] 9} Kh7 {[%emt 0:01:42] [%clk 0:02.17]} 22. Bxg7 {[%emt 0:06:30]} Kxg7 {[%emt 0:02:50]} 23. Nf2 {[%emt 0:00:30]} Rh8 {[%emt 0:00:30]} 24. f4 {[%emt 0:00:30]} e6 {[%emt 0:00:30]} 25. e5 {[%emt 0:00:30]} dxe5 {[%emt 0:00:30]} 26. fxe5 {[%emt 0:00:30]} Nh5 {[%emt 0:00:30]} 27. Nfe4 {[%emt 0:01:30]} Nxe4 {[%emt 0:01:42]} 28. Nxe4 {[%emt 0:00:30]} exd5 {[%emt 0:00:32]} 29. cxd5 {[%emt 0:00:00]} Qe7 {[%emt 0:00:55]} 30. Qd4 {[%emt 0:03:00]} Bf5 {[%emt 0:00:35]} 31. Nd6 {[%emt 0:01:30]} Qg5 {[%emt 0:00:30]} 32. e6+ {[%emt 0:03:30]} f6 {[%emt 0:00:25]} 33. Nf7 {[%emt 0:02:30]} Qc1 {[%emt 0:00:27]} 34. Nxh8 {[%emt 0:00:30]} Rxh8 {[%emt 0:00:27]} 35. Bxh5 {[%emt 0:00:30]} 1-0

[Event "Turkey IS Bank Super League 2017"]
[Site "Darica-Kocaeli"]
[Date "2017.07.26"]
[Round "1.26"]
[White "Tukhaev, Adam"]
[Black "Asadli, Vugar"]
[Result "1-0"]
[WhiteElo "2558"]
[BlackElo "2457"]
[Annotator "TA"]
[PlyCount "59"]
[EventType "team-tourn"]
[EventCountry "TUR"]
[SourceTitle "playchess.com"]
[Source "ChessBase"]
[SourceQuality "1"]

{[%evp 11,59,-7,-8,-47,-4,-16,-16,-13,-13,-30,4,0,25,24,34,24,14,24,44,24,66,44,92,79,89,82,137,50,59,56,56,38,178,152,169,177,174,170,167,172,186,178,168,163,555,554,1120,1117,1626,1666]} 1. e4 e5 2. Nf3 Nc6 3. d4 exd4 4. Nxd4 Bc5 5. Nb3 Bb6 6. Nc3 Nf6 7. Qe2 {C45: Scotch Game} (7. a4 $5 {[%cal Ra4a5]} a5 8. Be2 $11) 7... a5 8. a4 O-O 9. Bg5 {The position is equal.} h6 10. Bh4 Re8 (10... Nd4 11. Qd3 Nxb3 12. cxb3 c6 13. O-O-O d5 14. exd5 cxd5 15. Nxd5 {½-½ (29) Wang,H (2698)-Malakhov,V (2722) Danzhou 2017}) 11. O-O-O d6 12. f3 Be6 13. Kb1 Qe7 $146 ({NOTEXT:} 13... Ne5 14. Qe1 Ng6 {½-½ (34) Fronda Pascua,J (2038)-Monnisha,G (2094) Kocaeli 2013}) 14. g4 Bxb3 15. cxb3 Qe6 16. Bxf6 Qxf6 17. Nd5 Qd8 18. h4 Nd4 (18... Bc5 $142) 19. Qg2 ({Better is} 19. Qe3 $16 Ba7 20. Rxd4) 19... c6 $14 (19... Nxb3 $2 20. g5 $18) 20. Nxb6 Qxb6 21. g5 {[%cal Bg4g5,Bg5h6][%mdl 32]} Ne6 {[#]} (21... h5 $1 $14) 22. Bc4 $1 $18 {And now g6 would win.} d5 23. exd5 cxd5 {[#]} 24. Bb5 $1 {[%cal Rb5e8]} ({Don't do} 24. Bxd5 $6 Nf4 $16) 24... Re7 25. gxh6 g6 26. h5 $36 {[%mdl 2048] White is really pushing.} Kh7 27. Qg3 Nc5 $2 (27... Qc7 28. Qg4 Qf4 29. hxg6+ (29. Rxd5 Qxg4 30. fxg4 Nc7 $18) 29... fxg6) 28. Rxd5 {Black must now prevent Rd6.White is clearly winning.} Rd8 29. hxg6+ fxg6 30. Qg5 {Precision: White = 70%, Black = 27%.} 1-0

[Event "Turkey IS Bank Super League 2017"]
[Site "Darica-Kocaeli"]
[Date "2017.07.26"]
[Round "1.27"]
[White "Uzumcu, Ahmet Utku"]
[Black "Selbes, Tarik"]
[Result "1-0"]
[WhiteElo "2223"]
[BlackElo "2260"]
[Annotator "NA"]
[PlyCount "133"]
[EventType "team-tourn"]
[EventCountry "TUR"]
[SourceTitle "playchess.com"]
[Source "ChessBase"]
[SourceQuality "1"]
[TimeControl "40/5400+30:1800+30"]

1. e4 {[%emt 0:00:30] .9]} d6 {[%emt 0:01:00] .9]} 2. d4 {[%emt 0:00:30] .9]} Nf6 {[%emt 0:00:30] .9} 3. Nc3 {[%emt 0:00:30] .99} g6 {[%emt 0:00:30] .99} 4. Nf3 {[%emt 0:01:30] .99} Bg7 {[%emt 0:00:00] .99} 5. Be2 {[%emt 0:00:30] ..9} Nc6 {[%emt 0:00:00] ..9} 6. h3 {[%emt 0:01:30] ..} O-O {[%emt 0:00:30] ...} 7. O-O {[%emt 0:00:30] ...} a6 {[%emt 0:01:30] ...} 8. d5 {[%emt 0:03:30] ...} Nb8 {[%emt 0:01:30] ...} 9. a4 {[%emt 0:03:30] ...} a5 {[%emt 0:00:30] ...} 10. Be3 {[%emt 0:00:30] ....} c6 {[%emt 0:00:30] ....} 11. dxc6 {[%emt 0:04:30] ...} Nxc6 {[%emt 0:01:30] ....} 12. Nd4 {[%emt 0:03:30] ...} Bd7 {[%emt 0:00:30] ...} 13. Ndb5 {[%emt 0:05:30] ...} Nb4 {[%emt 0:04:30] ...} 14. f4 {[%emt 0:05:30] ...} Bc6 {[%emt 0:01:30] ...} 15. Bf3 {[%emt 0:01:30] ....} d5 {[%emt 0:01:30] ....} 16. e5 {[%emt 0:01:30] ....} Ne4 {[%emt 0:00:30] ....} 17. Ne2 {[%emt 0:01:30] ....} f6 {[%emt 0:18:30] ....} 18. c3 {[%emt 0:03:30] ....} Na6 {[%emt 0:00:30] ...} 19. Ned4 {[%emt 0:01:30] ...} Qc8 {[%emt 0:22:30] ..} 20. Na7 {[%emt 0:04:30] ...} Rxa7 {[%emt 0:09:30] ...} 21. Nxc6 {[%emt 0:00:30] ...} bxc6 {[%emt 0:02:30] ...} 22. Bxa7 {[%emt 0:01:30] ...} Ng3 {[%emt 0:01:30] ...} 23. Re1 {[%emt 0:01:30] ]..} fxe5 {[%emt 0:00:30] ]].} 24. fxe5 {[%emt 0:00:30] ]].} Qc7 {[%emt 0:01:30] ]]} 25. Bf2 {[%emt 0:02:30] ]]]} Nf5 {[%emt 0:01:30] ]]]} 26. Qe2 {[%emt 0:03:30] ]]]} Nb8 {[%emt 0:01:30] ]]]} 27. g4 {[%emt 0:04:30] ]]]} Nh6 {[%emt 0:00:30] ]]]} 28. Bg2 {[%emt 0:00:00] ]]]} e6 {[%emt 0:02:30] ]]]]} 29. Bc5 {[%emt 0:02:00] ]]]]} Rd8 {[%emt 0:00:30] ]]]]} 30. Qf2 {[%emt 0:04:30] ]]]]} Nd7 {[%emt 0:00:30] ]]]} 31. Bd6 {[%emt 0:01:30] ]]]} Qb7 {[%emt 0:00:30] ]]} 32. Rf1 {[%emt 0:04:30] ]]]} Nb6 {[%emt 0:00:30] ]]]} 33. b3 {[%emt 0:03:30] [%clk 0:27]001} Nc8 {[%emt 0:05:34] kk} 34. Bc5 {[%emt 0:03:30] 6]} Nf7 {[%emt 0:00:30] kk} 35. Rae1 {[%emt 0:00:30] 6]} Nxe5 {[%emt 0:00:30] kkk} 36. Qe3 {[%emt 0:03:30] 56]k} Nd6 {[%emt 0:01:00] ]]} 37. Bd4 {[%emt 0:01:30] ]]]} Ndf7 {[%emt 0:00:44] ]} 38. Qg3 {[%emt 0:00:30] 2]]} Qb8 {[%emt 0:01:15] ]} 39. Re3 {[%emt 0:01:30] 7 [%clk 0:49:0] 11} g5 {[%emt 0:16:31] ccl} 40. h4 {[%emt 0:00:00] 6] [%clk 0:48:0] 1} gxh4 {[%emt 0:08:56]} 41. Qxh4 {[%emt 0:05:00]} Ng6 {[%emt 0:00:30]} 42. Qf2 {[%emt 0:00:30]} Nfe5 {[%emt 0:00:30] [%clk 0:19.39]} 43. Qg3 {[%emt 0:03:30]} c5 {[%emt 0:13:01]} 44. Bxc5 {[%emt 0:01:30]} Qxb3 {[%emt 0:03:16]} 45. Bd4 {[%emt 0:05:30]} Qb8 {[%emt 0:01:45]} 46. Rfe1 {[%emt 0:01:30]} Nc4 {[%emt 0:04:41]} 47. Qxb8 {[%emt 0:02:30]} Rxb8 {[%emt 0:00:01]} 48. Rxe6 {[%emt 0:01:30]} Nf4 {[%emt 0:00:30]} 49. Re8+ {[%emt 0:00:30]} Rxe8 {[%emt 0:00:00]} 50. Rxe8+ {[%emt 0:00:30]} Kf7 {[%emt 0:00:26]} 51. Rd8 {[%emt 0:00:00]} Ne2+ {[%emt 0:03:02]} 52. Kf2 {[%emt 0:01:00]} Nxd4 {[%emt 0:00:22]} 53. Bxd5+ {[%emt 0:02:30]} Ke7 {[%emt 0:00:34]} 54. Rg8 {[%emt 0:00:30]} Bf6 {[%emt 0:00:39]} 55. Bxc4 {[%emt 0:00:00]} Nc6 {[%emt 0:00:00]} 56. Bb5 {[%emt 0:01:00]} Ne5 {[%emt 0:00:51]} 57. Kg3 {[%emt 0:01:30]} Ng6 {[%emt 0:00:48]} 58. Rc8 {[%emt 0:00:30]} Kd6 {[%emt 0:00:30]} 59. Rc6+ {[%emt 0:00:30]} Ke7 {[%emt 0:00:26]} 60. c4 {[%emt 0:00:30]} h6 {[%emt 0:00:30]} 61. Ra6 {[%emt 0:00:30]} Ne5 {[%emt 0:00:30]} 62. Rxa5 {[%emt 0:00:30]} Nd3 {[%emt 0:00:30]} 63. Ra7+ {[%emt 0:00:00]} Kf8 {[%emt 0:01:52]} 64. a5 {[%emt 0:00:00]} Nc5 {[%emt 0:00:17]} 65. a6 {[%emt 0:00:30]} Bd4 {[%emt 0:00:00]} 66. Ra8+ {[%emt 0:00:30]} Ke7 {[%emt 0:00:00]} 67. a7 {[%emt 0:00:30]} 1-0

[Event "Turkey IS Bank Super League 2017"]
[Site "Darica-Kocaeli"]
[Date "2017.07.26"]
[Round "1.29"]
[White "Atalik, Ekaterina"]
[Black "Karavade, Eesha"]
[Result "1-0"]
[WhiteElo "2445"]
[BlackElo "2397"]
[Annotator "TA"]
[PlyCount "76"]
[EventType "team-tourn"]
[EventCountry "TUR"]
[SourceTitle "playchess.com"]
[Source "ChessBase"]
[SourceQuality "1"]

{[%evp 9,76,26,39,24,44,41,55,5,13,0,2,16,8,0,0,0,0,-4,0,-38,-11,-68,-64,-66,-39,-42,-8,-21,0,0,0,0,0,0,23,22,56,54,34,37,41,44,67,2,113,106,102,102,345,192,191,187,186,189,200,177,191,156,137,136,577,567,925,778,547,720,433,431,420]} 1. d4 Nf6 2. Nf3 e6 3. c4 d5 4. Nc3 Bb4 5. Qb3 a5 (5... c5 6. dxc5 Nc6 7. Bg5 Qa5 8. Bxf6 dxc4 9. Qxc4 gxf6 10. Rc1 Qxc5 11. Qf4 Ke7 12. g3 e5 13. Qh6 Bxc3+ 14. bxc3 {1-0 (42) Wang,H (2680)-Vidit,S (2687) Chengdu 2017}) 6. Bg5 {D38: Queen's Gambit Declined: Ragozin Defence (4 Nf3 Bb4)} c6 7. e3 O-O 8. c5 {White is slightly better.} Nbd7 9. a3 (9. Bxf6 $5 Qxf6 10. a3 Bxc3+ 11. Qxc3 $11) 9... Bxc3+ $1 10. Qxc3 b6 11. Bxf6 $146 ({Predecessor:} 11. cxb6 Qxb6 12. Bd3 Ba6 13. Bxf6 Nxf6 14. O-O {½-½ (41) Retamozo,H (2201)-Merma,I Lima 2002}) 11... Nxf6 12. Bd3 Ba6 13. Bxa6 Rxa6 14. Qd3 Ra8 15. O-O ({White should try} 15. cxb6 $11 Qxb6 16. O-O) 15... bxc5 $15 16. dxc5 Qb8 17. Qd4 Nd7 18. b4 axb4 19. axb4 Qb7 20. h3 h6 21. Qc3 Rxa1 22. Rxa1 Rb8 23. Ra4 $1 Ra8 24. Qa3 Rxa4 25. Qxa4 e5 26. Nd2 (26. Qa5 $14) 26... Kf8 (26... Nb8 $11 {keeps the balance.}) 27. e4 $16 Nf6 28. Nf3 Qc7 $2 {[#]} (28... dxe4 $16 {keeps fighting.} 29. Nxe5 e3) 29. Qa8+ (29. exd5 $142 {Strongly threatening Qa8+.} cxd5 30. c6) 29... Ke7 $18 30. exd5 cxd5 31. Qa3 Nd7 32. Qc3 d4 33. Qc4 Qc6 34. Nd2 Qe6 $2 {[%mdl 8192]} (34... g6 $16 35. f3 h5) 35. c6 {White is clearly winning.} Nf6 {Now ...Qxc4 and Black clings on.} 36. b5 Qxc4 37. Nxc4 Nd5 38. b6 {[#] b7 is the strong threat.} Kd8 {Precision: White = 58%, Black = 38%.} 1-0

[Event "Turkey IS Bank Super League 2017"]
[Site "Darica-Kocaeli"]
[Date "2017.07.26"]
[Round "1.30"]
[White "Samani, Yamac"]
[Black "Yazici, Ugur Doga"]
[Result "1/2-1/2"]
[WhiteElo "2263"]
[BlackElo "2144"]
[Annotator "NA"]
[PlyCount "114"]
[EventType "team-tourn"]
[EventCountry "TUR"]
[SourceTitle "playchess.com"]
[Source "ChessBase"]
[SourceQuality "1"]
[TimeControl "40/5400+30:1800+30"]

1. e4 {[%emt 0:00:30] 831]} e5 {[%emt 0:01:00] 831]} 2. Nf3 {[%emt 0:00:30] 831]} Nc6 {[%emt 0:00:30] 8331} 3. Bc4 {[%emt 0:00:30] ]831} Nf6 {[%emt 0:00:30] ]831} 4. d3 {[%emt 0:00:30] ]81} Be7 {[%emt 0:00:30] ]]8} 5. O-O {[%emt 0:00:30] ]]8} O-O {[%emt 0:00:30] ]]8} 6. Re1 {[%emt 0:00:00] ]]8} d6 {[%emt 0:00:00] ]]8} 7. a4 {[%emt 0:01:00] ]]8} Be6 {[%emt 0:00:00] ]]8} 8. Nc3 {[%emt 0:01:30] ]]8} Qd7 {[%emt 0:06:30] ]]8} 9. a5 {[%emt 0:00:30] ]]8} Bg4 {[%emt 0:02:30] ]]} 10. a6 {[%emt 0:20:30] ]]]} bxa6 {[%emt 0:04:30] ]]]} 11. h3 {[%emt 0:04:30] ]]]} Bh5 {[%emt 0:07:30] ]]]} 12. Nb1 {[%emt 0:03:30] ]]]} Rfe8 {[%emt 0:17:30] ]]]} 13. Nbd2 {[%emt 0:02:30] ]]} Nd8 {[%emt 0:10:30] ]]]} 14. Nf1 {[%emt 0:11:30] ]]]} c6 {[%emt 0:04:30] ]]]} 15. Ng3 {[%emt 0:05:30] ]]]} Bg6 {[%emt 0:00:30] ]]]} 16. Rxa6 {[%emt 0:02:30] ]]]} Rb8 {[%emt 0:02:30] ]]]} 17. Be3 {[%emt 0:08:30] ]]]]} c5 {[%emt 0:07:30] ]]]} 18. Qa1 {[%emt 0:04:30] ]]]} Qb7 {[%emt 0:02:30] ]]]} 19. b3 {[%emt 0:08:30] ]]]} Nc6 {[%emt 0:01:30] ]]]} 20. Bg5 {[%emt 0:02:30] [%clk 0:17.00] ]]]} Bd8 {[%emt 0:11:28] lk} 21. Bxf6 {[%emt 0:03:30] lk} gxf6 {[%emt 0:00:30] l} 22. Bd5 {[%emt 0:00:30] ]} Bb6 {[%emt 0:00:30] ]} 23. Nh4 {[%emt 0:02:44] ]} Qc7 {[%emt 0:02:06] ]} 24. Bxc6 {[%emt 0:02:30] ]} Qxc6 {[%emt 0:00:01] ]]} 25. Ngf5 {[%emt 0:04:16] ]]} Re6 {[%emt 0:01:31] ]]} 26. Qc1 {[%emt 0:02:19] ]]} Kh8 {[%emt 0:01:15] ]]} 27. Qh6 {[%emt 0:02:43] ]]} Rg8 {[%emt 0:00:06] ]]} 28. c4 {[%emt 0:01:13] ]]} Qc8 {[%emt 0:01:18] ]]} 29. Rea1 {[%emt 0:01:11] [%clk 0:03.14]]} Qd8 {[%emt 0:04:27] [[c} 30. Qd2 {[%emt 0:00:50] [[c} Qf8 {[%emt 0:00:30] [[c} 31. Kh2 {[%emt 0:00:30] [[} Re8 {[%emt 0:00:30] [[[} 32. Rf1 {[%emt 0:00:30] [%clk 0:02.29]} Re6 {[%emt 0:04:19] c} 33. Kh1 {[%emt 0:01:15]} Qc8 {[%emt 0:00:30]} 34. Ra2 {[%emt 0:00:30]} Qf8 {[%emt 0:00:30]} 35. Qe3 {[%emt 0:00:30]} Qb8 {[%emt 0:00:30]} 36. Rfa1 {[%emt 0:00:30]} Ree8 {[%emt 0:00:30]} 37. Qf3 {[%emt 0:00:30]} Re6 {[%emt 0:00:30]} 38. Ne3 {[%emt 0:00:30]} Qf8 {[%emt 0:00:30] [%clk 0:34]} 39. Nhf5 {[%emt 0:00:00]} a5 {[%emt 0:00:00]} 40. Rb1 {[%emt 0:00:00]} Bc7 {[%emt 0:03:59]} 41. h4 {[%emt 0:05:59]} Bd8 {[%emt 0:03:30]} 42. Kg1 {[%emt 0:01:30]} Bxf5 {[%emt 0:00:30]} 43. Nxf5 {[%emt 0:01:30]} Rg6 {[%emt 0:01:30]} 44. Re1 {[%emt 0:01:30]} Re8 {[%emt 0:02:30]} 45. Re3 {[%emt 0:01:30]} Re6 {[%emt 0:00:30]} 46. Qh3 {[%emt 0:01:30]} Bc7 {[%emt 0:02:30]} 47. Rf3 {[%emt 0:00:30]} Qb8 {[%emt 0:01:30]} 48. h5 {[%emt 0:12:39]} Rg5 {[%emt 0:04:30]} 49. h6 {[%emt 0:04:46]} Qxb3 {[%emt 0:03:43]} 50. Ng7 {[%emt 0:03:25]} Qxa2 {[%emt 0:08:00]} 51. Nxe6 {[%emt 0:00:30]} fxe6 {[%emt 0:00:08]} 52. Qxe6 {[%emt 0:00:28]} Qb1+ {[%emt 0:00:41]} 53. Kh2 {[%emt 0:00:04]} Bd8 {[%emt 0:00:26]} 54. Rxf6 {[%emt 0:02:39]} Rh5+ {[%emt 0:04:00]} 55. Kg3 {[%emt 0:00:30]} Rg5+ {[%emt 0:00:00]} 56. Kh2 {[%emt 0:00:02]} Rh5+ {[%emt 0:01:15]} 57. Kg3 {[%emt 0:00:02]} Rg5+ {[%emt 0:00:53]} 1/2-1/2

[Event "Turkey IS Bank Super League 2017"]
[Site "Darica-Kocaeli"]
[Date "2017.07.26"]
[Round "1.31"]
[White "Yilmaz, Goktan"]
[Black "Bozbey, Ali"]
[Result "1/2-1/2"]
[WhiteElo "2202"]
[BlackElo "2139"]
[Annotator "NA"]
[PlyCount "80"]
[EventType "team-tourn"]
[EventCountry "TUR"]
[SourceTitle "playchess.com"]
[Source "ChessBase"]
[SourceQuality "1"]
[TimeControl "40/5400+30:1800+30"]

1. e4 {[%emt 0:00:30] 3.]9} d6 {[%emt 0:01:00] 3.]9} 2. d4 {[%emt 0:00:30] 3.]9} Nf6 {[%emt 0:00:30] 3.9} 3. Nc3 {[%emt 0:00:30] 3..9} g6 {[%emt 0:00:30] 3..9} 4. f4 {[%emt 0:00:30] 3..9} Bg7 {[%emt 0:00:30] 3..} 5. Nf3 {[%emt 0:00:30] 33.} O-O {[%emt 0:00:30] 33.} 6. Be3 {[%emt 0:00:00] 33} c5 {[%emt 0:06:30] 333} 7. dxc5 {[%emt 0:06:00] 333} Qa5 {[%emt 0:00:30] 333} 8. Qd2 {[%emt 0:16:30] 333} dxc5 {[%emt 0:04:30] 333} 9. e5 {[%emt 0:04:30] 333} Rd8 {[%emt 0:05:30] 333} 10. Bd3 {[%emt 0:07:30] 333} c4 {[%emt 0:10:30] 333} 11. exf6 {[%emt 0:02:30] 333} Bxf6 {[%emt 0:00:30] 333} 12. Ne4 {[%emt 0:22:30] 333} Qxd2+ {[%emt 0:00:30] 333} 13. Bxd2 {[%emt 0:00:30] 333} cxd3 {[%emt 0:01:30] 333} 14. Nxf6+ {[%emt 0:00:30] 333} exf6 {[%emt 0:00:00] 33} 15. c4 {[%emt 0:07:30] ]33} Be6 {[%emt 0:03:00] ]33} 16. b3 {[%emt 0:00:30] ]33} Na6 {[%emt 0:05:30] ]33} 17. Bc3 {[%emt 0:01:30] ]33} Kg7 {[%emt 0:00:30] ]33} 18. O-O-O {[%emt 0:05:30] ]3} Nc5 {[%emt 0:08:30] ]]} 19. Bd4 {[%emt 0:01:30] ]]} Rac8 {[%emt 0:01:30] ]]} 20. Kb2 {[%emt 0:05:01] ]][} Bg4 {[%emt 0:02:30] 29]][} 21. Bxc5 {[%emt 0:06:29] ]][} Rxc5 {[%emt 0:00:00] ]]]][} 22. Kc3 {[%emt 0:00:41] ]][} Bxf3 {[%emt 0:01:00] 9]]][} 23. gxf3 {[%emt 0:00:02] ]][} Rf5 {[%emt 0:00:30] 4]]]} 24. Rxd3 {[%emt 0:00:30] ]]} Rxd3+ {[%emt 0:00:00] ]]]]} 25. Kxd3 {[%emt 0:00:53] ]]} Rxf4 {[%emt 0:00:00] 4]]]} 26. Ke3 {[%emt 0:02:27] ]]} Rh4 {[%emt 0:00:30] 7]]} 27. c5 {[%emt 0:02:42] ]} Kf8 {[%emt 0:03:30] 5 [%clk 0:37:0] ]14} 28. Rd1 {[%emt 0:01:05] lckl} Ke7 {[%emt 0:07:30] 40} 29. Rd2 {[%emt 0:00:30]} h6 {[%emt 0:00:30] ]]} 30. a3 {[%emt 0:00:30]} a5 {[%emt 0:00:30] 0]} 31. Rd6 {[%emt 0:00:49] ]} Rxh2 {[%emt 0:16:30] 1]]} 32. Rb6 {[%emt 0:00:30]} Kd7 {[%emt 0:00:00] 11]} 33. b4 {[%emt 0:00:49] ]} Ra2 {[%emt 0:01:00] 0]]} 34. Rxb7+ {[%emt 0:02:34] ]} Kc8 {[%emt 0:01:30] ] [%clk 0:17:21] ]} 35. c6 {[%emt 0:01:14] l%k} Rxa3+ {[%emt 0:03:09] ]} 36. Kd4 {[%emt 0:00:30] ]} Ra4 {[%emt 0:00:30] [%clk 0:48]} 37. Kc5 {[%emt 0:00:00] 1} Rxb4 {[%emt 0:00:00] 1} 38. Rxf7 {[%emt 0:00:00]} Rf4 {[%emt 0:00:00]} 39. Kb6 {[%emt 0:00:00]} Rb4+ {[%emt 0:00:00]} 40. Kc5 {[%emt 0:00:00]} Rf4 {[%emt 0:01:21] [%clk 0:48]} 1/2-1/2

[Event "Turkey IS Bank Super League 2017"]
[Site "Darica-Kocaeli"]
[Date "2017.07.26"]
[Round "1.32"]
[White "Yassibag, Ipek Asli"]
[Black "Avramidou, Anastasia"]
[Result "0-1"]
[WhiteElo "1880"]
[BlackElo "2247"]
[Annotator "NA"]
[PlyCount "56"]
[EventType "team-tourn"]
[EventCountry "TUR"]
[SourceTitle "playchess.com"]
[Source "ChessBase"]
[SourceQuality "1"]
[TimeControl "40/5400+30:1800+30"]

1. c4 {[%emt 0:00:30] 5} Nf6 {[%emt 0:01:00] 5} 2. Nc3 {[%emt 0:00:30] 5} d5 {[%emt 0:00:30]} 3. cxd5 {[%emt 0:00:30]} Nxd5 {[%emt 0:00:00]} 4. Nxd5 {[%emt 0:01:30]} Qxd5 {[%emt 0:00:00]} 5. d4 {[%emt 0:01:30]} Nc6 {[%emt 0:07:30]} 6. e3 {[%emt 0:04:30]} e5 {[%emt 0:00:30]} 7. dxe5 {[%emt 0:12:30]} Qxd1+ {[%emt 0:00:30]} 8. Kxd1 {[%emt 0:00:30]} Nxe5 {[%emt 0:00:30]} 9. Bd2 {[%emt 0:00:30]} Bg4+ {[%emt 0:09:30]} 10. f3 {[%emt 0:05:30]} O-O-O {[%emt 0:02:30]} 11. Ke1 {[%emt 0:05:30]} Be6 {[%emt 0:03:30]} 12. Bc3 {[%emt 0:08:30]} f6 {[%emt 0:04:30]} 13. Kf2 {[%emt 0:28:30]} Bc5 {[%emt 0:06:30]} 14. a4 {[%emt 0:18:12]} Nd3+ {[%emt 0:06:30] 8} 15. Bxd3 {[%emt 0:01:45]} Rxd3 {[%emt 0:00:30] 3} 16. Re1 {[%emt 0:00:24]} Re8 {[%emt 0:06:30] ]} 17. Bd4 {[%emt 0:05:15]} Bxd4 {[%emt 0:03:30] 4} 18. exd4 {[%emt 0:00:30]} Rxd4 {[%emt 0:00:00] 2} 19. a5 {[%emt 0:01:15]} Rd2+ {[%emt 0:04:00] 9} 20. Re2 {[%emt 0:01:22]} Red8 {[%emt 0:00:30] 7 [%clk 0:40:0]} 21. b4 {[%emt 0:00:49]} Bc4 {[%emt 0:02:30]} 22. Rxd2 {[%emt 0:00:30]} Rxd2+ {[%emt 0:00:30]} 23. Ke3 {[%emt 0:00:30]} Rd1 {[%emt 0:00:30]} 24. Kf2 {[%emt 0:00:30]} b6 {[%emt 0:00:30]} 25. g4 {[%emt 0:00:30]} c5 {[%emt 0:00:30]} 26. axb6 {[%emt 0:00:30]} cxb4 {[%emt 0:00:30]} 27. bxa7 {[%emt 0:00:30]} Kb7 {[%emt 0:00:30]} 28. Kg2 {[%emt 0:00:30]} b3 {[%emt 0:00:30]} 0-1

[Event "Turkey IS Bank Super League 2017"]
[Site "Darica-Kocaeli"]
[Date "2017.07.26"]
[Round "1.33"]
[White "Solak, Dragan"]
[Black "Najer, Evgeniy"]
[Result "1-0"]
[WhiteElo "2624"]
[BlackElo "2706"]
[Annotator "TA"]
[PlyCount "103"]
[EventType "team-tourn"]
[EventCountry "TUR"]
[SourceTitle "playchess.com"]
[Source "ChessBase"]
[SourceQuality "1"]

{[%evp 18,103,34,0,15,-6,21,15,32,0,7,-49,0,-6,0,-28,-8,-15,-33,-27,0,0,0,0,0,0,0,7,54,39,37,52,54,60,88,90,82,54,52,0,0,-7,0,0,0,0,0,0,0,0,0,0,14,16,21,14,70,70,70,70,77,77,86,89,132,132,132,74,74,59,788,479,10868,11329,5289,6227,2366,2902,2280,1737,2004,1458,12845,12846,12846,12846,12847,12847]} 1. e4 e5 2. Nf3 Nc6 3. Bb5 a6 4. Bxc6 dxc6 5. O-O Qf6 6. d4 exd4 7. Bg5 Qd6 8. Nxd4 Bd7 9. Nc3 f6 10. Be3 O-O-O {C69: Ruy Lopez: Exchange Variation with 5 0-0 f6} 11. Nde2 $146 ({Find the theoretical novelty and annotate with similar games:} 11. Qe2 Qe5 12. f4 Qe8 13. Nb3 Kb8 14. Nc5 Bc8 15. Rad1 Rxd1 16. Rxd1 Nh6 17. h3 Nf7 18. Qc4 {½-½ (57) Naroditsky,D (2313)-Ganbold,O (2380) San Francisco 2008}) 11... Qb4 12. a3 Qc4 {The position is equal.} 13. b3 Qf7 14. Qd4 ({Better is} 14. Qe1 $11) 14... b6 (14... c5 $5 {[%cal Rc5d4]} 15. Qd2 Bc6 $14) 15. Rfd1 Nh6 16. Na4 c5 17. Qd3 Kb7 $1 18. Bf4 Bd6 19. Bxd6 Bxa4 $1 20. bxa4 {[#] Threatens to win with e5.} Rxd6 21. Qf3 $36 {[%mdl 2048] White has some pressure.} Qe6 22. Nf4 Qe5 23. Rxd6 {aiming for Rdd1.} Qxd6 24. a5 b5 25. a4 Qc6 26. axb5 axb5 27. Nd3 Re8 28. Qe3 ({White should play} 28. Qh5 $14) 28... c4 29. Nc5+ Ka8 {Strongly threatening ...Re5.} 30. Qd4 $1 Nf7 31. Qd5 Qxd5 32. exd5 $11 {[%mdl 4096] Endgame KRN-KRN} Re2 33. Ne6 Nd6 34. Nxc7+ Ka7 (34... Kb7 $5 {[%cal Rb7c7]} 35. a6+ Ka7 $11) 35. Rb1 Rxc2 36. g3 Ra2 (36... Kb8 $11 37. Nxb5 Nxb5) 37. Nxb5+ $14 Nxb5 38. Rxb5 {KR-KR} Ka6 39. Rc5 Rxa5 40. Rxc4 {Black must now prevent Rc7.} Rxd5 41. Rc7 Rg5 {[#]} 42. h4 ({White should try} 42. Kg2 $1) 42... Kb6 $16 43. Rf7 Rg6 $2 {[%mdl 8192]} (43... Rg4 $14) 44. h5 $18 {White is clearly winning.} Rh6 (44... Rg4 $142 45. Kg2 Kc6) 45. g4 g5 46. Kg2 Kc6 47. Kf3 Kd5 48. Ke3 Ke5 49. Ra7 Kd5 50. Ra6 Ke5 51. f3 {[%cal Bf2f3,Bf3f4][%mdl 32]} Kd5 52. f4 {Precision: White = 66%, Black = 44%.} 1-0